000 00565nam a22001937a 4500
005 20251108164934.0
008 250721s1997 xx 000 0 ara d
082 1 4 _a345.0209565/جبو
100 1 _aالجبور، محمد
245 1 0 _aالجرائم الواقعة على الأموال في القانون العقوبات الأردني /
264 _c1997.
300 _a416ص.
650 1 7 _aالقانون الجنائي
650 1 7 _aالجرائم
650 1 7 _aالعقوبات
650 1 7 _aالأردن
942 _2ddc
_cBK
999 _c17910
_d17910